000 00217 a2200097 4500
001 57709
100 _a
245 _aTakreekh-e-Arab(Urdu)
260 _aKarachi
_bNafees academy
_c1986
090 _c35391
_d35391
942 _aNUST-CAE
_cMONOGRAPH
_c28215
999 _c292782
_d292782